• 首页
  • 本馆介绍
  • 公告通知
  • 最新文献
  • 馆藏检索
  • 电子资源
  • 读者导购
  • 参考咨询
  • 我的图书馆
  • 登录
  • 详细信息显示
  • 放入我的书架
  • 预约/预借图书
  • 作者相关作品
  • 分类相关作品
  • 丛书相关作品
  • 出版社相关作品

书目信息

  • 表格格式
  • 工作单格式
  • 卡片格式
题名:
人与地的对话
    
 
作者: 郑平 著
分册:  
出版信息: 南宁   广西教育出版社  1999
页数: 131页
开本: 20cm
丛书名: 走向科学的明天丛书
单 册:
中图分类: X24-49
科图分类:
主题词: 人类环境--普及读物 , 人类环境
电子资源:
ISBN: 7-5435-2915-7
000 00742oam2 2200265 450
001 1530236762
005 20150130082703.32
010    @a7-5435-2915-7@dCNY9.30
100    @a19991103d1999 em y0chiy0110 ea
101 0  @achi
102    @aCN@b450000
105    @af z 000yy
200 1  @a人与地的对话@9ren yu di de dui hua@f郑平著
210    @a南宁@c广西教育出版社@d1999
215    @a131页@c图@d20cm
225 2  @a走向科学的明天丛书@i地球科学
300    @a国家“九五”重点图书出版规划项目
461  0 @12001 @a走向科学的明天丛书
462  0 @12001 @a地球科学
606 0  @a人类环境@x普及读物
606 0  @a人类环境
690    @aX24-49@v5
701  0 @a郑平@9zheng ping@4著
801  0 @aCN@bTSSF@c20150130
905    @aZUCC@dX24-49@eJY1
    
    人与地的对话/郑平著.-南宁:广西教育出版社,1999
    131页:图;20cm.-(走向科学的明天丛书.地球科学)
    国家“九五”重点图书出版规划项目
    
    ISBN 7-5435-2915-7:CNY9.30
    
●
相关链接 在E读中查询图书 在五车中查询图书 在当当中查询图书 在豆瓣中查询图书


正题名:人与地的对话     索取号:X24-49/JY1         预约/预借

序号 登录号 条形码 馆藏地/架位号 状态 备注
1 7861795   278617953   学院路分馆/ [索取号:X24-49/JY1] 在馆    
2 7861796   278617962   学院路分馆/ [索取号:X24-49/JY1] 在馆    
3 7861797   278617971   学院路分馆/ [索取号:X24-49/JY1] 在馆    
4 7861798   278617980   学院路分馆/ [索取号:X24-49/JY1] 在馆    
唐山师范学院图书馆 欢迎您!
大连网信软件有限公司© 版权所有